000 00917nam a2200277 i 4500
003 DO-SdBNP
005 20250502094652.0
007 ta
008 240612s2023 dr 000 j spa d
020 _a9789945186758
040 _aDO-SdBNP
_bspa
_cBNPHU
_erda
041 _hspa
082 4 _axxx
_bM516
_222
100 1 _aTejera, Eduardo J.,
_b1947-
_eautor
_4aut.
_910749
245 1 0 _aYo solo digo :
_breflexiones y estudios biblicos /
_cMadeline Mejía
264 1 _aSanto Domingo :
_b[editor no identificado],
_c2023.
300 _a119 páginas ;
_c23 cm.
336 _atexto
_btxt
_2rdacontent
337 _asin mediación
_bn
_2rdamedia
338 _avolumen
_bnc
_2rdacarrier
500 _aIncluye datos biográficos de la autor en la contraportada.
500 _aLas citas bíblicas se basan en la versión Reina Valera 1960.
590 _aInventariado, 2024/ YL
910 _aYLockward
942 _2ddc
_cLBS1
999 _c56833
_d56833